The unified software development process

Salvato in:
Dettagli Bibliografici
Autori principali: Jacobson, Ivar (Autore), Booch, Grady (Autore), Rumbaugh, James (Autore)
Natura: Libro
Lingua:inglese
Pubblicazione: Reading : Addison-Wesley, 1998
Soggetti:
Tags: Aggiungi Tag
Nessun Tag, puoi essere il primo ad aggiungerne!!

MARC

LEADER 00000nam a22000003a 4500
001 stu52001
005 20200911111208.1
008 000210s1998----xxu-----------------eng-d
020 |a 0-201-57169-2 
040 |a STU  |b slo 
041 0 |a eng 
044 |a xxu 
080 |a 681.32.06 
080 |a 519.683 
084 |a C6110B  |2 INS 
084 |a C6110V  |2 INS 
100 1 |a Jacobson, Ivar  |4 aut 
245 1 |a The unified software development process 
260 |a Reading :  |b Addison-Wesley,  |c 1998 
300 |a 463 s 
650 7 |a softvérové inžinierstvo  |2 stusub 
650 7 |a vývoj programových systémov  |2 stusub 
650 7 |a UML  |2 stusub 
650 7 |a vizuálne programovanie  |2 stusub 
700 1 |a Booch, Grady  |4 aut 
700 1 |a Rumbaugh, James  |4 aut 
996 |b I5338  |c I*5338  |l II680  |s A  |a 24  |w stu52001_0001